[Event "Taastrup 25 Jub"]
[Site "Taastrup"]
[Date "1997.??.??"]
[Round "9"]
[White "Brinck Claussen, Bjorn"]
[Black "Van Voorthuijsen, PW."]
[Result "0-1"]
[WhiteElo "2380"]
[BlackElo "2285"]

1.e4 d6 2.d4 g6 3.Nc3 Bg7 4.f4 Nc6 5.Be3 Nf6 6.h3 e6 7.Bd3 O-O 8.Qd2 b6 9.O-O-O Ne7
10.g4 Bb7 11.Nge2 c5 12.dxc5 bxc5 13.g5 Nh5 14.Bc4 d5 15.Bxc5 Rc8 16.Bxe7 Qxe7
17.Bd3 dxe4 18.Bxe4 Bxe4 19.Nxe4 Qb7 20.N4c3 Rb8 21.b3 Rfc8 22.Na4 Qe4 23.Qd3 Qb4
24.Qd6 Qa5 25.c3 Ng3 26.Nxg3 Rxc3+ 27.Kb1 Rcxb3+ 28.axb3 Rxb3+ 29.Kc1 Rc3+
30.Kd2 Rxg3+ 31.Ke2 Qxa4 32.Qd8+ Bf8 33.Qd4 Qc6 34.Rhf1 Rxh3 35.Rc1 Rh2+
36.Ke3 Qg2 37.Qd1 Qb7 38.Rc2 Rh3+ 39.Kf2 Qe4  0-1

[Event "EU-ch U16"]
[Site "Tallinn"]
[Date "1997.??.??"]
[Round "6"]
[White "Rigo, Zsolt"]
[Black "Stryjecki, Marek"]
[Result "0-1"]
[WhiteElo "2115"]
[BlackElo "2320"]

1.e4 g6 2.d4 Bg7 3.Nc3 d6 4.Be3 c6 5.Qd2 Nd7 6.f3 b5 7.Bd3 Bb7 8.Nge2 a6
9.a4 Rc8 10.axb5 cxb5 11.h4 h5 12.Nf4 Ngf6 13.O-O O-O 14.Kh1 e5 15.dxe5 dxe5
16.Nh3 Nc5 17.Nf2 Qc7 18.Rfc1 Qe7 19.Bf1 Nh7 20.g3 f5 21.Nd5 Qd8 22.Nb4 Qxd2
23.Bxd2 fxe4 24.Nxe4 Rxf3 25.Nxc5  0-1

[Event "Tampere We HervS op"]
[Site "Tampere"]
[Date "1997.??.??"]
[Round "1"]
[White "Heinimaki, Leo"]
[Black "Hermlin, Aarne"]
[Result "0-1"]
[WhiteElo "2065"]
[BlackElo "2300"]

1.d4 d6 2.e4 g6 3.Nc3 Bg7 4.Bg5 h6 5.Be3 c6 6.a4 Nf6 7.f3 a5 8.Bd3 Na6 9.Nge2 Nb4
10.Nb1 O-O 11.c3 Nxd3+ 12.Qxd3 e5 13.Na3 Be6 14.O-O Re8 15.c4 exd4 16.Bxd4 d5
17.cxd5 cxd5 18.e5 Nd7 19.f4 Bf5 20.Qb5 Nf8 21.Rad1 Bd7 22.Qb3 Ne6 23.Bb6 Bxa4
24.Qxa4 Qxb6+ 25.Nd4 Bf8 26.Nb5 Rac8 27.b3 Bc5 28.Kh1 Bxd4 29.Nxd4 Nc5 30.Qa1 Ne4
31.f5 Rxe5 32.Nc6 Ree8 33.fxg6 fxg6 34.Nd4 Rf8 35.Qb2 a4 36.Rf3 a3 37.Qe2 a2
38.Qe3 Rxf3 39.gxf3 Rc3  0-1

[Event "Tampere We Taraus"]
[Site "Tampere"]
[Date "1997.??.??"]
[Round "4"]
[White "Kiik, Kalle"]
[Black "Lehtinen, Heikki"]
[Result "1-0"]
[WhiteElo "2380"]
[BlackElo "2205"]

1.e4 d6 2.d4 g6 3.Nc3 Bg7 4.f4 Nf6 5.Nf3 c5 6.dxc5 Qa5 7.Bd3 Qxc5 8.Qe2 O-O
9.Be3 Qa5 10.O-O Bg4 11.h3 Bxf3 12.Qxf3 Nc6 13.a3 Nd7 14.Bd2 Nd4 15.Qf2 Nc5
16.Nd5 Qd8 17.Bc3 Nxd3 18.cxd3 Nb3 19.Bxg7 Kxg7 20.Rad1 e6 21.Qc2 Nd4 22.Qc3 Qf6
23.Nxf6 Ne2+ 24.Kf2 Nxc3 25.bxc3 Kxf6 26.Rb1 Rfc8 27.c4 b6 28.Ke3 Rc5 29.Rb4 Rac8
30.a4 Ke7 31.Rb5 R8c7 32.g4 f5 33.gxf5 gxf5 34.exf5 Rxf5 35.Rg1 Kf7 36.Rxf5+ exf5
37.a5 Rc6 38.Ra1 Ke6 39.axb6 axb6 40.Kd4 Rc7 41.Rb1 Rb7 42.Rb5 Rb8 43.Kc3 Rb7
44.Kd2 Rb8 45.Ke3 Rb7 46.Kf3  1-0

[Event "Tampere Elo Taraus op"]
[Site "Tampere"]
[Date "1997.??.??"]
[Round "4"]
[White "Kokkila, Tero"]
[Black "Kiik, Kalle"]
[Result "0-1"]
[WhiteElo "2285"]
[BlackElo "2380"]

1.e4 g6 2.d4 Bg7 3.Nc3 d6 4.f4 c6 5.Be3 Qb6 6.Rb1 Nf6 7.Nf3 Bg4 8.h3 Bxf3
9.Qxf3 d5 10.exd5 O-O 11.Bd3 cxd5 12.O-O e6 13.Ne2 Na6 14.c3 Nc7 15.g4 Nb5
16.f5 exf5 17.gxf5 Nd6 18.Nf4 Qc6 19.fxg6 hxg6 20.Rf2 Nde4 21.Rg2 Rae8 22.Rf1 Re7
23.Bc1 Rfe8 24.h4 Nh7 25.Nh3 Nef6 26.Bf4 Re1 27.Be5 Rxf1+ 28.Kxf1 Ne4 29.Bxg7 Kxg7
30.h5 g5 31.Nxg5 Nhxg5 32.Bxe4 Kh6 33.Qf4 Rg8 34.Bd3 Qe6 35.Kg1 Qe1+ 36.Kh2 Qe6
37.Bf5 Qf6 38.Rf2 Re8 39.Kg2 Re1 40.Bg4 Qxf4 41.Rxf4 Rb1 42.Rf6+ Kg7 43.Rf2 Ne4
44.Re2 Kh6 45.Kf3 f5 46.Bh3 Ng5+ 47.Kg2 Nxh3 48.Kxh3 Kxh5 49.Re5 Kg5 50.Rxd5 Rxb2
51.Ra5 a6 52.Kg3 Rd2 53.Ra3 Rd3+ 54.Kf2 Kf4 55.Ke2 Ke4 56.Rb3 b5 57.a4 bxa4
58.Rb4 Rxc3 59.Rxa4 Rc2+ 60.Ke1 Rc6 61.Kf2 Rh6 62.Ke2 Rf6 63.d5+ Kxd5 64.Kf3 Kc5
65.Kf4 Kb5 66.Ra1 a5 67.Rb1+ Kc4 68.Ra1 Kb4 69.Rb1+ Kc3 70.Ra1 Ra6 71.Kxf5 a4
72.Ke4 a3  0-1

[Event "Tampere Elo Taraus op"]
[Site "Tampere"]
[Date "1997.??.??"]
[Round "5"]
[White "Agopov, Mikael"]
[Black "Nouro, Mikael"]
[Result "1-0"]
[WhiteElo "2305"]
[BlackElo "2305"]

1.e4 g6 2.d4 Bg7 3.Nc3 d6 4.Nf3 Nf6 5.Be2 O-O 6.O-O c5 7.d5 Na6 8.Bg5 Nc7
9.a4 Rb8 10.Nd2 e6 11.Nc4 exd5 12.exd5 b6 13.Qd2 a6 14.Bf3 Qd7 15.Qf4 Nfe8
16.Bh6 b5 17.Na5 bxa4 18.Nc6 Rxb2 19.Nxa4 Rb7 20.Rab1 Nb5 21.Rbe1 Nd4 22.Bxg7 Nxf3+
23.Qxf3 Nxg7 24.Re7 Qxe7 25.Nxe7+ Rxe7 26.Qf6 Re4 27.Nb6 Nf5 28.f3 Re2 29.g4 Nd4
30.Qxd6 Rxc2 31.Qc7 Nb5 32.Qc6 Nd4 33.Qc7 Nb5 34.Qe7 Rd2 35.Rf2 Rd1+ 36.Rf1 Rd2
37.Rf2 Rd1+ 38.Kg2 c4 39.Qc5 Bb7 40.Qxc4 Rd8 41.Qe2 R1xd5 42.Qe7 Bc6 43.Nxd5 Rxd5
44.Rc2 Bd7 45.Ra2 Rd6 46.h4 Be6 47.Ra5 Rd2+ 48.Kg3 Nd4 49.h5 Kg7 50.h6+ Kxh6
51.Qf8+  1-0

[Event "Tanta op"]
[Site "Tanta"]
[Date "1997.??.??"]
[Round "2"]
[White "Fouad, Hadi"]
[Black "Taleb, Moussa"]
[Result "1-0"]
[WhiteElo "2190"]
[BlackElo "2265"]

1.e4 d6 2.d4 g6 3.Nc3 Bg7 4.f4 Nd7 5.Nf3 c5 6.Be3 Qa5 7.Qd2 Ngf6 8.h3 O-O
9.O-O-O cxd4 10.Bxd4 b5 11.e5 dxe5 12.fxe5 Nh5 13.e6 fxe6 14.Bxg7 Nxg7 15.Bxb5 Nf6
16.Rhf1 Ba6 17.Bxa6 Qxa6 18.Qe2 Qb7 19.Qb5 Qc7 20.Qe5 Qb7 21.Qb5 Qc8 22.Nd4 Nf5
23.Nxe6 Re8 24.Qe5 Rb8 25.g4 Nh6 26.Nd5 Rb7 27.g5 Nf7 28.Qd4 Nh5 29.Ndf4  1-0

[Event "Tanta op"]
[Site "Tanta"]
[Date "1997.??.??"]
[Round "8"]
[White "Tissir, Mohamed"]
[Black "Mohsen, Khaled"]
[Result "1/2-1/2"]
[WhiteElo "2365"]
[BlackElo "2280"]

1.e4 d6 2.d4 g6 3.Nc3 Bg7 4.Be3 Nf6 5.Nf3 c6 6.Qd2 b5 7.Bd3 Ng4 8.Bg5 h6
9.Bh4 b4 10.Nd1 Qb6 11.h3 Nf6 12.Ne3 Ba6 13.e5 Nh5 14.Bxa6 Qxa6 15.Qxb4 c5
16.Qc4 cxd4 17.Nxd4 Qxc4 18.Nxc4 d5 19.g4 Nf4 20.Bg3 g5 21.Bxf4 gxf4 22.Nf5 Bf8
23.Nd2 Nd7 24.O-O-O Nxe5 25.Rhe1 f6 26.Nd4 Kf7 27.N2f3 Nxf3 28.Nxf3 e6 29.Nd4 Re8
30.Nb5 Bc5 31.Re2 h5 32.c4 dxc4 33.Re4 a6 34.Rxc4 Rc8 35.Rd7+ Kg6 36.gxh5+ Rxh5
37.Na3 Rxh3 38.Kd1 Rc6 39.Nc2 Rd6+ 40.Rxd6 Bxd6 41.Rc6 Be5 42.Rxe6 Bxb2 43.Rxa6 Kf5
44.Rb6 Bc3 45.Ke2 Ke4 46.Re6+ Be5 47.Rc6 f3+ 48.Kd2 Bf4+ 49.Kc3 Rh2 50.Rc4+ Ke5
51.Ne1 Bd2+ 52.Kxd2 Rxf2+ 53.Kd3 Rxa2 54.Nxf3+ Kf5 55.Nd4+ Kg6 56.Ke4 Rg2
57.Kf3 Rg1 58.Ne2  1/2-1/2

[Event "Tatry op"]
[Site "Tatranska Lomnica"]
[Date "1997.??.??"]
[Round "4"]
[White "Dovzik, Juri"]
[Black "Safyanovsky, Mark"]
[Result "1/2-1/2"]
[WhiteElo "2405"]
[BlackElo "2390"]

1.e4 g6 2.d4 Bg7 3.Nc3 d6 4.Be3 c6 5.Qd2 b5 6.f3 Nd7 7.Nh3 Bb7 8.Be2 Qc7
9.O-O Ngf6 10.Bh6 O-O 11.Bxg7 Kxg7 12.Nf2 e5 13.Rad1 Rad8 14.a3 a6 15.f4 Rfe8
16.Bg4 Nb6 17.Bf3 Nc4 18.Qc1 exf4 19.Qxf4 c5 20.e5 dxe5 21.dxe5 Nxe5 22.Bxb7 Rxd1
23.Nfxd1 Nh5 24.Qe3 Qxb7 25.Qxc5 Qe7 26.Qd4 Nf6 27.h3 Nc6 28.Qf4 Qe5 29.Qf3 Nd4
30.Qd3 Nf5 31.Qd2 h5 32.Qf4 Nd4 33.Qxe5 Rxe5 34.Rf2 Re1+ 35.Kh2 h4 36.Rd2 Nf5
37.Re2 Rf1 38.Rf2 Rxf2 39.Nxf2 Ne3 40.Nd3 Nxc2 41.Nc5 b4 42.Nb1 bxa3 43.bxa3 a5
44.Nb7 a4 45.Nc5 g5 46.Nxa4 Ne4 47.Nb6 f5 48.a4 g4 49.hxg4 fxg4 50.Nc4 Kf6
51.Nbd2 Nxd2  1/2-1/2

[Event "Tatry op"]
[Site "Tatranska Lomnica"]
[Date "1997.??.??"]
[Round "5"]
[White "Majzlan, Igor"]
[Black "Sejkora, Vlastimil"]
[Result "0-1"]
[WhiteElo "2170"]
[BlackElo "2270"]

1.e4 g6 2.d4 Bg7 3.Nc3 d6 4.Nf3 Nd7 5.Be2 e6 6.O-O Ne7 7.Be3 O-O 8.Qd2 a6
9.Bh6 b5 10.Bxg7 Kxg7 11.a3 Bb7 12.Rad1 Rc8 13.Rfe1 h6 14.Bf1 Nf6 15.e5 Nd7
16.Qf4 Bxf3 17.Qxf3 d5 18.b4 Nf5 19.Ne2 c6 20.Nf4 Nb6 21.c3 Nc4 22.Bd3 Nh4
23.Qe2 Re8 24.g3 Nf5 25.Bxf5 exf5 26.Nh3 Nd6 27.Qd3 Ne4 28.f3 Ng5 29.Nf4 Ne6
30.Nh3 Ra8 31.a4 bxa4 32.Ra1 a5 33.b5 Qb6 34.bxc6 Qxc6 35.Qd2 Rec8 36.Ra3 Rab8
37.Nf4 Rb3 38.Rea1 Nxf4 39.Qxf4 Qxc3 40.Rxa4 Qc2 41.e6 Rb1+ 42.Rxb1 Qxb1+
43.Kg2 Rc2+  0-1

[Event "Tatry op"]
[Site "Tatranska Lomnica"]
[Date "1997.??.??"]
[Round "8"]
[White "Veselovsky, Sergey"]
[Black "Safyanovsky, Mark"]
[Result "1/2-1/2"]
[WhiteElo "2445"]
[BlackElo "2390"]

1.e4 g6 2.d4 Bg7 3.Nc3 d6 4.Be3 c6 5.Qd2 b5 6.Bd3 Nd7 7.a4 b4 8.Nce2 a5 9.Nf3 Ngf6
10.Bh6 O-O 11.e5 dxe5 12.dxe5 Ng4 13.Bxg7 Kxg7 14.Qf4 Nc5 15.Bc4 f6 16.e6 Nh6
17.Ned4 Qb6 18.O-O  1/2-1/2

[Event "Czerniak mem Bikurei Haitim"]
[Site "Tel Aviv"]
[Date "1997.??.??"]
[Round "3"]
[White "Gershon, Alik"]
[Black "Gofshtein, Leonid D"]
[Result "1/2-1/2"]
[WhiteElo "2420"]
[BlackElo "2530"]

1.e4 g6 2.d4 Bg7 3.Nc3 d6 4.Be3 c6 5.f4 b5 6.a3 Nd7 7.Nf3 a6 8.Qd2 Bb7 9.e5 Nh6
10.Bd3 c5 11.e6 Bxf3 12.exd7+ Qxd7 13.gxf3 cxd4 14.Bxd4 Bxd4 15.Be4 Bxc3
16.Qxc3 O-O 17.Bxa8 Rxa8 18.O-O-O Nf5 19.Rd3 a5 20.Kb1 e6 21.Rc1 h5 22.Qb3 Qb7
23.a4 b4 24.c3 Qb6 25.cxb4 axb4 26.Qc2 Ra5 27.Qc7 Qxc7 28.Rxc7 Rxa4 29.b3 Ra6
30.Rb7 Kg7 31.Rxb4 e5 32.Rb8 Nd4 33.b4 Kf6 34.b5 Ra5 35.b6 Rb5+ 36.Kc1 Ke6
37.fxe5 dxe5 38.Ra3 Nc6 39.Rb7 Nd8 40.Rb8 Nc6 41.Rb7 Nd8  1/2-1/2

[Event "Czerniak mem Bikurei Haitim"]
[Site "Tel Aviv"]
[Date "1997.??.??"]
[Round "10"]
[White "Summerscale, Aaron"]
[Black "Avrukh, Boris"]
[Result "0-1"]
[WhiteElo "2500"]
[BlackElo "2520"]

1.d4 g6 2.e4 Bg7 3.Nc3 d6 4.Be3 a6 5.a4 b6 6.Be2 c5 7.d5 Nf6 8.Qd2 O-O 9.Rd1 b5
10.axb5 axb5 11.Bxb5 Qb6 12.f3 Ra5 13.Qd3 Na6 14.Kd2 Nb4 15.Qc4 e6 16.Kc1 exd5
17.exd5 Nfxd5 18.Nxd5 Nxd5 19.Qxd5 Qxb5 20.Qb3 Ra1+ 21.Kd2 Rxd1+ 22.Kxd1 Qf1+  0-1

[Event "SVK-ch U18"]
[Site "Topolcianky"]
[Date "1997.??.??"]
[Round "2"]
[White "Hagara, Eduard"]
[Black "Orsag, Milan"]
[Result "1-0"]
[WhiteElo "2150"]
[BlackElo "2385"]

1.e4 g6 2.d4 Bg7 3.Nc3 d6 4.Be3 Nf6 5.f3 O-O 6.Qd2 b6 7.Nge2 Bb7 8.g3 Nbd7
9.Bg2 e6 10.O-O a6 11.a4 Qe7 12.Bh6 Rfe8 13.Bxg7 Kxg7 14.Rad1 Rad8 15.Rf2 c5
16.d5 exd5 17.exd5 Qe3 18.Nc1 Qxd2 19.Rfxd2 Ne5 20.b3 Bc8 21.Kf2 Bf5 22.Bf1 Bc8
23.N1a2 h5 24.Nb1 Bb7 25.Nac3 Ng8 26.Na3 Ne7 27.Rb1 Nf5 28.Nc4 Nxc4 29.bxc4 Re3
30.Bd3 Rde8 31.Ne4 Bc8 32.Rxb6 Kf8 33.h3 R3xe4 34.Bxe4 Rd8 35.Bxf5 gxf5 36.f4 Kg7
37.Re2 Kf8 38.Rb8 Kg7 39.Re7 Kf8 40.Rc7  1-0

[Event "SVK-ch U18"]
[Site "Topolcianky"]
[Date "1997.??.??"]
[Round "4"]
[White "Pinter, Erik"]
[Black "Hrivnak, Martin"]
[Result "1-0"]
[WhiteElo "2030"]
[BlackElo "2155"]

1.e4 g6 2.d4 Bg7 3.Nc3 d6 4.Be3 Nf6 5.f3 O-O 6.Qd2 e5 7.Nge2 exd4 8.Nxd4 d5
9.e5 Nfd7 10.e6 Nb6 11.exf7+ Rxf7 12.O-O-O Qf8 13.Nb3 c6 14.h4 h5 15.Bc5 Bh6
16.Bxf8 Bxd2+ 17.Rxd2 Kxf8 18.Bd3 Kg7 19.Re1 N8d7 20.Rde2 c5 21.Bb5 c4 22.Bxd7 Bxd7
23.Nd4 Raf8 24.Re5 Rf4 25.g3 Rxd4 26.Ne2 Rd3 27.cxd3 cxd3 28.Re7+ Kf6 29.Nf4 Bf5
30.a4 Rc8+ 31.Kd1 d2 32.R1e6+ Bxe6 33.Rxe6+ Kf7 34.Kxd2 Nxa4 35.Rxg6 Nxb2
36.Rh6 Nc4+ 37.Ke2 Rg8 38.Nxh5 a5 39.g4 a4 40.Rh7+ Ke6 41.Rxb7 a3 42.Ra7 Rb8
43.Nf4+ Ke5 44.Nd3+ Kd4 45.Nc1 Kc3 46.h5 Kc2 47.h6 Kxc1 48.h7 Kb2 49.g5 Ne5
50.f4 Ng4 51.Rb7+ Rxb7 52.h8=Q+ Kb1 53.Qh1+ Kb2 54.Qxd5 Rb4 55.Qd2+ Kb3 56.Qd1+ Kb2
57.Kf3 Nh2+ 58.Kg3 a2 59.Kxh2 Rxf4 60.Qd2+ Kb3 61.Qd3+ Kb2 62.Qb5+ Ka3 63.Qa5+ Ra4
64.Qc3+  1-0

[Event "Torneo Mayor op"]
[Site "Torneo"]
[Date "1997.??.??"]
[Round "?"]
[White "Martinez, Catalino"]
[Black "Riego Prieto, Victorio"]
[Result "0-1"]
[WhiteElo "2025"]
[BlackElo "2220"]

1.e4 d6 2.d4 g6 3.Nc3 Bg7 4.f3 Nc6 5.Be3 e5 6.Nge2 f5 7.Bf2 Nf6 8.exf5 Bxf5
9.Ng3 O-O 10.Nxf5 gxf5 11.Bc4+ Kh8 12.d5 Ne7 13.Qd2 a6 14.O-O-O Qe8 15.Be3 b5
16.Bb3 a5 17.a4 bxa4 18.Bxa4 Qg6 19.Qe2 Rfb8 20.g4 fxg4 21.Rhg1 Rb4 22.b3 Nf5
23.Bf2 Rab8 24.Rd3 Nd4 25.Bxd4 exd4 26.Ne4 gxf3 27.Qf1 Qxe4 28.Rxg7 Kxg7
29.Rxf3 Qe5 30.Bc6 a4 31.Bxa4 Qg5+ 32.Kb2 Qe5 33.Kc1 d3  0-1

[Event "Torneo Mayor op"]
[Site "Torneo"]
[Date "1997.??.??"]
[Round "?"]
[White "Valiente, Cristobal"]
[Black "Riego Prieto, Victorio"]
[Result "1-0"]
[WhiteElo "2390"]
[BlackElo "2220"]

1.e4 d6 2.d4 g6 3.Nc3 Bg7 4.Be3 Nc6 5.f4 Nf6 6.Nf3 O-O 7.Be2 a6 8.e5 Ng4
9.Bg1 d5 10.h3 Nh6 11.g4 Kh8 12.Be3 f5 13.g5 Ng8 14.h4 h5 15.gxh6 Nxh6 16.h5 e6
17.Qd2 Ne7 18.hxg6 Nxg6 19.O-O-O Bd7 20.Rdg1 Be8 21.Rg3 Kg8 22.Rhg1 Ng4 23.Ng5 Qe7
24.Bxg4 fxg4 25.Rxg4 Bh6 26.Qh2 Bxg5 27.Rxg5 Qh7 28.Rh5 Qg7 29.f5 Rxf5 30.Rxf5 exf5
31.Nxd5 c6 32.Nf6+ Kf7 33.Qh5 f4 34.Nxe8 Rxe8 35.Qf5+ Ke7 36.Rxg6 Qh8 37.Re6+ Kd8
38.Rxe8+  1-0

[Event "Nordic Grand Prix"]
[Site "Torshavn"]
[Date "1997.??.??"]
[Round "3"]
[White "Westerinen, Heikki MJ"]
[Black "Gretarsson, Helgi Ass"]
[Result "1/2-1/2"]
[WhiteElo "2425"]
[BlackElo "2470"]

1.e4 g6 2.d4 Bg7 3.Nc3 d6 4.Be3 Nf6 5.h3 c6 6.a4 a5 7.g4 e5 8.dxe5 dxe5 9.Qxd8+ Kxd8
10.Nf3 Nbd7 11.O-O-O Ke7 12.Nd2 Ne8 13.Nc4 f6 14.Rxd7+ Bxd7 15.Bc5+ Kd8 16.Nb6 Rb8
17.Bc4 Kc7 18.Rd1 Rd8 19.Be7 Bh6+ 20.Kb1 Ng7 21.Bxf6 Kxb6 22.g5 Nh5 23.Bxd8+ Rxd8
24.gxh6 Kc7 25.h4 Rf8 26.Rg1 Rxf2 27.Rxg6 hxg6 28.h7 Rf8 29.Bg8 Be6 30.Nd5+ Kd6
31.h8=Q Rxg8 32.Qh7 Rg7 33.Qh8 Rg8 34.Qh7 Rg7 35.Qh8  1/2-1/2

[Event "Nordic Grand Prix"]
[Site "Torshavn"]
[Date "1997.??.??"]
[Round "3"]
[White "Brynell, Stellan"]
[Black "Fries Nielsen, Niels Jorgen"]
[Result "1/2-1/2"]
[WhiteElo "2445"]
[BlackElo "2405"]

1.e4 g6 2.d4 Bg7 3.Nc3 d6 4.Nf3 Nf6 5.h3 b6 6.Bc4 O-O 7.Qe2 c6 8.e5 Ne8 9.e6 d5
10.exf7+ Rxf7 11.Bd3 Qd6 12.Ne5 Bxe5 13.dxe5 Qc7 14.Bh6 Ng7 15.Bxg7 Rxg7
16.O-O-O Nd7 17.f4 Nc5 18.g4 e6 19.h4 Bd7 20.h5 Rf8 21.hxg6 Rxf4 22.gxh7+ Kh8
23.Qe3 Nxd3+ 24.cxd3 Rgf7 25.Ne2 Rf3 26.Qg5 Qc8 27.Rh6 Qf8 28.d4 Rf2 29.Ng3 Rg7
30.Rg6 Qb4 31.Ne2 Rxg6 32.Qxg6 Qf8 33.Ng3 Qf7 34.Qxf7 Rxf7 35.Nh5 Kxh7 36.Nf6+ Kg6
37.b4 Bc8 38.Kd2 Ba6 39.Ke3 Bc4 40.a3 Rc7 41.Rh1 c5 42.bxc5 bxc5 43.Rh8 cxd4+
44.Kxd4 Bb5 45.Rg8+ Kf7 46.Rb8 a6 47.Ke3 Rc4 48.Rb7+ Kg6 49.Rb6 d4+ 50.Kd2 Ra4
51.Rxe6 Rxa3 52.Ne4+ Kg7 53.Nd6 Ra2+ 54.Kc1 d3 55.Nxb5  1/2-1/2

[Event "Nordic Grand Prix"]
[Site "Torshavn"]
[Date "1997.??.??"]
[Round "5"]
[White "Nas, Flovin Tor"]
[Black "Fries Nielsen, Jens Ove"]
[Result "0-1"]
[WhiteElo "2025"]
[BlackElo "2415"]

1.e4 g6 2.d4 Bg7 3.Nc3 d6 4.Be3 Nf6 5.Be2 a6 6.Nf3 b5 7.Qd3 Bb7 8.a3 O-O
9.O-O Nbd7 10.e5 dxe5 11.dxe5 Bxf3 12.exf6 Bxe2 13.Qxe2 Nxf6 14.Rfd1 Qc8
15.Bc5 Re8 16.Rd3 Nd7 17.Bd4 e5 18.Be3 e4 19.Rd5 Nb6 20.Bxb6 cxb6 21.Qe3 Bxc3
22.bxc3 Qc7 23.Rad1 Rad8 24.g3 Rxd5 25.Rxd5 Qe7 26.Qxb6 e3 27.Qxe3 Qxe3 28.fxe3 Rxe3
29.Rc5 Re1+ 30.Kf2 Rc1 31.Rc6 Rxc2+ 32.Kg1 a5 33.Rc5 a4 34.h3 Kf8 35.Kf1 Ke7
36.Rc7+ Ke6 37.g4 b4 38.axb4 a3 39.Rc6+ Kd7 40.Ra6 a2 41.Ra7+ Kc6  0-1

[Event "Nordic Grand Prix"]
[Site "Torshavn"]
[Date "1997.??.??"]
[Round "8"]
[White "Lejlic, Samir"]
[Black "Hoi, Carsten"]
[Result "1-0"]
[WhiteElo "2405"]
[BlackElo "2425"]

1.e4 g6 2.d4 Bg7 3.Nc3 d6 4.Bg5 c6 5.Qd2 Nd7 6.f4 b5 7.Nf3 Ngf6 8.Bd3 O-O
9.O-O Nb6 10.Rae1 Bg4 11.Kh1 b4 12.Nd1 c5 13.c3 bxc3 14.bxc3 cxd4 15.cxd4 Rc8
16.f5 Bxf3 17.Rxf3 Qc7 18.Bh6 Bxh6 19.Qxh6 Qc1 20.Qh4 Qd2 21.e5 g5 22.Qf2 Qxf2
23.Nxf2 dxe5 24.dxe5 Nfd5 25.h4 gxh4 26.Re4 f6 27.Rxh4 Rf7 28.e6 Rg7 29.Rd4 Kh8
30.Ng4 Rg5 31.Rh3 Rc1+ 32.Kh2 Rd1 33.Nh6 Rg7 34.Rhh4 Rd2 35.Be4 Rxa2 36.Rd3 Ra5
37.Bxd5 Nxd5 38.Rhd4 Ra2 39.Rd2  1-0

[Event "Toscolano op"]
[Site "Toscolano"]
[Date "1997.??.??"]
[Round "?"]
[White "Di Lazzaro, Gabriele"]
[Black "Peric, Slavisa"]
[Result "1/2-1/2"]
[WhiteElo "2095"]
[BlackElo "2260"]

1.e4 d6 2.d4 g6 3.Nc3 Bg7 4.Be3 a6 5.a4 Nd7 6.Nf3 b6 7.Bc4 h6 8.Qe2 Bb7 9.Rd1 e6
10.Bb3 Qe7 11.O-O c5 12.Rd2 Ngf6 13.e5 dxe5 14.dxe5 Ng4 15.Bf4 O-O 16.Rfd1 Bxf3
17.Qxf3 Ndxe5 18.Qg3 g5 19.h3 gxf4 20.Qxf4 Nxf2 21.Qxf2 Rad8 22.Qe2 Rxd2
23.Rxd2 Rd8 24.Rxd8+ Qxd8 25.Qxa6 c4 26.Ba2 Qd4+ 27.Kh1  1/2-1/2

[Event "ROM-chT"]
[Site "Tusnad"]
[Date "1997.??.??"]
[Round "?"]
[White "Sofronie, Iulian"]
[Black "Itkis, Boris"]
[Result "1/2-1/2"]
[WhiteElo "2415"]
[BlackElo "2440"]

1.e4 g6 2.d4 Bg7 3.Nc3 d6 4.Be3 c6 5.Qd2 b5 6.a4 b4 7.Nd1 a5 8.Bd3 Nd7 9.c3 Rb8
10.f4 Ngf6 11.Nf3 O-O 12.Nf2 c5 13.O-O Qc7 14.Qe2 Bb7 15.d5 bxc3 16.bxc3 e6  1/2-1/2

[Event "Ubeda op"]
[Site "Ubeda"]
[Date "1997.??.??"]
[Round "2"]
[White "Krakops, Maris"]
[Black "Nogueiras, Jesus"]
[Result "1-0"]
[WhiteElo "2440"]
[BlackElo "2545"]

1.e4 d6 2.d4 g6 3.Nc3 Bg7 4.f4 Nf6 5.Nf3 O-O 6.Bd3 Na6 7.O-O c5 8.d5 Bg4
9.Bc4 Nd7 10.h3 Bxf3 11.Qxf3 Nb6 12.Bb5 f5 13.exf5 gxf5 14.Bd2 Nc7 15.Bd3 c4
16.Be2 e6 17.a4 Nbxd5 18.Bxc4 Nb4 19.Bb3 Nc6 20.Nb5 d5 21.Bc3 Ne8 22.Bxg7 Nxg7
23.Rad1 Qb6+ 24.Kh1 Rad8 25.Qc3 d4 26.Qg3 Kh8 27.c3 a6 28.Nxd4 Nxd4 29.cxd4 Rxd4
30.Qc3 Rfd8 31.a5 Qb5 32.Rxd4 Qxf1+ 33.Kh2 Re8 34.Bxe6 h6 35.Bxf5 Rf8 36.Bg4  1-0

[Event "JUG Cup"]
[Site "Ulcinj"]
[Date "1997.??.??"]
[Round "?"]
[White "Ilincic, Zlatko"]
[Black "Todorcevic, Miodrag"]
[Result "1/2-1/2"]
[WhiteElo "2565"]
[BlackElo "2470"]

1.d4 g6 2.e4 Bg7 3.Nc3 d6 4.Be3 Nf6 5.h3 O-O 6.Nf3 a6 7.a4 b6 8.Bc4 e6 9.O-O Bb7
10.d5 e5 11.Qd2 Nbd7 12.Bg5 Qe8 13.Rfe1 Kh8 14.Nh2 Ng8 15.Ra3 f5 16.exf5 gxf5
17.f4 Qg6 18.Nf3 h6 19.Bh4 Rae8 20.b4 Ngf6 21.Bf2 Qh7 22.Nh4 exf4 23.Qxf4 Ne5
24.Ba2 Nh5 25.Qd2 Bf6 26.Ne2 Bg5 27.Qd1 Nf6 28.Nf3 Ne4 29.Bd4 Bf6 30.Nf4 Rg8
31.Rae3 Qg7 32.c3 Qg3 33.Nxe5 Qf2+ 34.Kh1 Qxf4 35.Nd3 Qg5 36.Bxf6+ Nxf6 37.Qf3 Rxe3
38.Rxe3 Bxd5 39.Bxd5 Nxd5 40.Re2 Nxc3 41.Rc2 Ne4 42.Rxc7 Qd2 43.Nf4 Qxb4
44.Kh2 Qe1 45.Nh5 Rf8 46.Nf4 Rg8 47.Nh5 Rf8 48.Nf4  1/2-1/2

[Event "JUG Cup (Women)"]
[Site "Ulcinj"]
[Date "1997.??.??"]
[Round "?"]
[White "Pihajlic, Amalija"]
[Black "Petrovic, Marija"]
[Result "0-1"]
[WhiteElo "2155"]
[BlackElo "2300"]

1.e4 g6 2.d4 Bg7 3.Nc3 d6 4.Be3 c6 5.Qd2 b5 6.a3 a6 7.g3 Nd7 8.Bg2 Bb7 9.Nge2 Qc7
10.O-O h5 11.h3 Nb6 12.b3 e6 13.f4 Ne7 14.Rad1 d5 15.Nc1 Rd8 16.e5 Nf5 17.Bf2 Bf8
18.Nb1 c5 19.c3 Rc8 20.Ne2 a5 21.Kh2 a4 22.dxc5 Bxc5 23.Nd4 Bxd4 24.Bxd4 axb3
25.Bxb6 Qxb6 26.Rfe1 d4 27.Bxb7 Qxb7 28.Qd3 O-O 29.cxd4 Rc2+ 30.Rd2 Qd5 31.Rxc2 bxc2
32.Qxc2 Nxd4  0-1

[Event "Verona op"]
[Site "Verona"]
[Date "1997.??.??"]
[Round "7"]
[White "Agnelli, Francesco"]
[Black "Giretti, Kanev J"]
[Result "0-1"]
[WhiteElo "2060"]
[BlackElo "2165"]

1.e4 g6 2.d4 Bg7 3.Nc3 d6 4.Be3 c6 5.Qd2 Nd7 6.f3 b5 7.Bd3 Nb6 8.Nge2 Bd7
9.g4 Rb8 10.Ng3 Nc4 11.Bxc4 bxc4 12.Nd1 d5 13.c3 Rb7 14.Bf4 f6 15.O-O e5
16.Be3 Ne7 17.dxe5 fxe5 18.Bc5 O-O 19.Bxe7 Qxe7 20.exd5 cxd5 21.Qxd5+ Be6
22.Qe4 Qc5+ 23.Kg2 Bd5 24.Qe2 Rbf7 25.Ne4 Qc6 26.Rf2 Rxf3  0-1

[Event "Villa Ballester op"]
[Site "Villa Ballester"]
[Date "1997.??.??"]
[Round "9"]
[White "Fucek, Claudio"]
[Black "Fulgenzi, Ernesto"]
[Result "1-0"]
[WhiteElo "2250"]
[BlackElo "2295"]

1.e4 g6 2.d4 Bg7 3.Nc3 d6 4.h3 Nc6 5.d5 Nd4 6.Nb1 c6 7.c3 Nb5 8.Bxb5 cxb5
9.Qd3 a6 10.Nf3 f5 11.Nbd2 Nf6 12.Nd4 O-O 13.exf5 Nxd5 14.g4 Nf4 15.Qe4 d5
16.Qxf4 e5 17.Qg3 exd4 18.fxg6 dxc3 19.gxh7+ Kh8 20.bxc3 b4 21.O-O bxc3 22.Nf3 Qf6
23.Nh4 Kxh7 24.Ba3 Re8 25.Rad1 Be6 26.f4 Bf7 27.Bc5 c2 28.Rc1 Rac8 29.g5 Qc6
30.Rxc2 Bd4+  1-0

[Event "Villa Ballester op"]
[Site "Villa Ballester"]
[Date "1997.??.??"]
[Round "9"]
[White "Moreno, Javier"]
[Black "Dolezal, Cristian"]
[Result "1/2-1/2"]
[WhiteElo "2370"]
[BlackElo "2350"]

1.e4 d6 2.d4 g6 3.Nc3 Bg7 4.Be3 a6 5.Qd2 b5 6.a4 b4 7.Nd1 a5 8.c3 Nf6 9.f3 bxc3
10.bxc3 O-O 11.Bd3 d5 12.e5 Ne8 13.Bh6 f6 14.h4 Bf5 15.Nf2 fxe5 16.h5 Qd6
17.Ne2 Bxh6 18.Qxh6 Nd7 19.Rb1 Ng7 20.hxg6 Qxg6 21.Qxg6 hxg6 22.Rb7 Ne6 23.Bb5 Rfb8
24.Rxb8+ Nxb8 25.g4 Bb1 26.Kd2 Ba2 27.dxe5 c6 28.Bd3 Nd7 29.f4 Rb8 30.Ke3 Kg7
31.Bxg6 Kxg6 32.f5+ Kg7 33.fxe6 Nxe5 34.Nd4 c5 35.Nf5+ Kf6 36.Rh6+ Kg5 37.Rh5+ Kf6
38.Rh6+ Ng6 39.Nxe7 Kxe7 40.Rxg6 Rb3  1/2-1/2

[Event "Villa Martelli"]
[Site "Villa Martelli"]
[Date "1997.??.??"]
[Round "6"]
[White "Ginzburg, Maximiliano"]
[Black "Tkachiev, Vladislav"]
[Result "0-1"]
[WhiteElo "2450"]
[BlackElo "2630"]

1.e4 g6 2.d4 Bg7 3.Nc3 d6 4.f4 Nf6 5.Nf3 O-O 6.Bd3 Na6 7.O-O c5 8.d5 Bg4
9.a4 Nb4 10.Bc4 e6 11.h3 exd5 12.exd5 Bd7 13.Rf2 Re8 14.g4 h5 15.gxh5 Nxh5
16.Kh2 Bf5 17.Bf1 a6 18.Bg2 Bd4 19.Nxd4 cxd4 20.Qxd4 Qh4 21.Be3 Nxc2 22.Rxc2 Bxc2
23.Bd2 Bf5 24.Rf1 Bxh3 25.Qf2 Qxf2 26.Rxf2 Bxg2 27.Rxg2 Ng7 28.Nd1 Re4 29.Ne3 Rae8
30.Ng4 Nh5 31.f5 Re2  0-1

[Event "Villalba op"]
[Site "Villalba"]
[Date "1997.??.??"]
[Round "1"]
[White "Moreno, J."]
[Black "Alvarez, J."]
[Result "1-0"]
[WhiteElo "2400"]
[BlackElo "1940"]

1.e4 g6 2.d4 Bg7 3.Nc3 d6 4.Be3 Nf6 5.Qd2 Ng4 6.Bg5 h6 7.Bh4 Nc6 8.h3 Nf6
9.f4 Nd7 10.Nf3 Nb6 11.O-O-O O-O 12.g4 Bd7 13.f5 Na5 14.Nd5 Nxd5 15.exd5 c5
16.Re1 cxd4 17.Bxe7 Qb6 18.f6 Rfc8 19.fxg7 Rxc2+ 20.Kxc2 Rc8+ 21.Kb1 Nc4
22.Bxc4 Rxc4 23.Qxh6  1-0

[Event "Vlissingen HZ op"]
[Site "Vlissingen"]
[Date "1997.??.??"]
[Round "2"]
[White "Kuipers, Eelco"]
[Black "Gurevich, Mikhail"]
[Result "0-1"]
[WhiteElo "2220"]
[BlackElo "2620"]

1.e4 d6 2.d4 g6 3.Nc3 Bg7 4.Be3 a6 5.Qd2 b5 6.f3 Nd7 7.h4 h6 8.g4 h5 9.g5 e6
10.Nge2 Ne7 11.Ng3 Bb7 12.Be2 c5 13.Rf1 Qc7 14.O-O-O b4 15.Na4 Qa5 16.b3 Bc6
17.dxc5 dxc5 18.Kb1 Bxa4 19.bxa4 Qxa4 20.Bc4 Bc3 21.Qe2 Nc6 22.f4 Nd4 23.Qg2 Rb8
24.Bb3 Qc6 25.Ne2 a5 26.Nxd4 cxd4 27.Bxd4 a4 28.Bd5 exd5 29.exd5 Qd6 30.Bxh8 Bxh8
31.Rfe1+ Kf8 32.Qf3 b3 33.axb3 axb3 34.cxb3 Qa3 35.Re3 Qb2+  0-1